| 000 | 00436nam a22001217a 4500 | ||
|---|---|---|---|
| 003 | OSt | ||
| 005 | 20260209152636.0 | ||
| 008 | 260209b |||||||| |||| 00| 0 eng d | ||
| 040 | _cThe Catholic University of Eastern Africa | ||
| 082 |
_21st _a378.071 MIR |
||
| 245 |
_aModelling a Catholic University to Meet the 21st Century Challenges _bEssays in Honour of Revd.Prof John C. Maviiri _cCatholic University of Eastern Africa |
||
| 942 |
_2ddc _cBK |
||
| 999 |
_c4139 _d4139 |
||